00399nam a22001457a 450000500170000000800410001702000150005804100150007308200120008810000150010024500730011526000090018830000320019765000240022920231113074345.0231113b |||||||| |||| 00| 0 eng d a0797014594 aAfrikaans  a346 SOU lAfrikaans  aSuid Afrikaanse Regskommissie: Beskerming Van 'n Koper Van Effekte  c1987 bxiv, 118 pages ; c30,5 cm. aLegal practicebLaw